Miasta w woj. dolnośląskim poniżej 10000 mieszkańców - Statystyki

Ogólne statystyki
  • Ten quiz został rozwiązany 22 razy
  • Średni wynik to 27 z 54
Statystyki odpowiedzi
Powiat Miasto % Poprawnych
ząbkowicki Bardo
74%
kłodzki Bystrzyca Kłodzka
68%
legnicki Prochowice
63%
trzebnicki Prusice
63%
wrocławski Siechnice
63%
karkonoski Szklarska Poręba
63%
oleśnicki Twardogóra
63%
trzebnicki Żmigród
63%
jaworski Bolków
58%
karkonoski Karpacz
58%
lwówecki Lwówek Śląski
58%
kłodzki Międzylesie
58%
lubiński Ścinawa
58%
wrocławski Sobótka
58%
wałbrzyski Jedlina-Zdrój
53%
ząbkowicki Kamieniec Ząbkowicki
53%
wrocławski Kąty Wrocłąwskie
53%
kłodzki Lądek-Zdrój
53%
kamiennogórski Lubawka
53%
bolesławiecki Nowogrodziec
53%
trzebnicki Oborniki Śląskie
53%
kłodzki Stronie Śląskie
53%
lubański Świeradów-Zdrój
53%
wałbrzyski Szczawno-Zdrój
53%
oleśnicki Międzybórz
47%
wałbrzyski Mieroszów
47%
dzierżoniowski Niemcza
47%
karkonoski Piechowice
47%
zgorzelecki Pieńsk
47%
dzierżoniowski Pieszyce
47%
polkowicki Przemków
47%
kłodzki Radków
47%
średzki Środa Śląska
47%
złotoryjski Świerzawa
47%
kłodzki Szczytna
47%
górowski Wąsosz
47%
lwówecki Wleń
47%
ząbkowicki Ziębice
47%
ząbkowicki Złoty Stok
47%
oleśnicki Bierutów
42%
polkowicki Chocianów
42%
wałbrzyski Głuszyca
42%
świdnicki Jaworzyna Śląska
42%
lubański Leśna
42%
lwówecki Lubomierz
42%
zgorzelecki Węgliniec
42%
strzeliński Wiązów
42%
złotoryjski Wojcieszów
42%
świdnicki Żarów
42%
lwówecki Gryfów Śląski
37%
lwówecki Mirsk
37%
lubański Olszyna
37%
dzierżoniowski Piława Górna
37%
zgorzelecki Zawidów
37%
Nie znaleziono quizów pasujących do podanych kryteriów
Rozkład punktacji
Procent ludzi z każdym wynikiem
Percentyl według liczby udzielonych odpowiedzi
Twoja historia wyników
Nie rozwiązałeś tego quizu